Mots Sans Lettres qui se Répètent - Mort Subite - Statistiques

Statistiques générales
  • Ce quiz a été pris 451 fois
  • Le résultat moyen est 7 sur 20
Answers on the Grid
Answers color-coded by a green-red scale on the quiz's grid according to % correct below.
Raciste
Facteur
Oiseau
Jetpunk
Monstre
Palindrome
Chérubin
Nouméa
Train
Banquier
Merci
Manque
Suriname
Or
Copinage
Hitchcock
Oxymore
Louis XIV
Banane
Auguste
Moscou
Måneskin
Glasgow
Politique
Windows
Rwanda
Topinambour
Faucheuse
Entrer
Finir
Jupiter
Oubli
Astérix
Oblitération
Conscience
Science
Réticulant
Sémantique
Antique
Crétois
Expression
Hamburger
Panama
Constant
Calendrier
Subordination
Négation
Scandinave
Lesbien
Hachis
 
Statistiques - réponses
Réponse % Correct
Facteur
42%
Suriname
41%
Merci
38%
Or
38%
Banquier
37%
Crétois
37%
Jetpunk
37%
Manque
37%
Monstre
37%
Raciste
37%
Train
36%
Antique
35%
Chérubin
35%
Oubli
35%
Palindrome
35%
Astérix
34%
Copinage
34%
Jupiter
33%
Nouméa
32%
Oiseau
30%
Aucun quiz correspondant
Distribution des résultats
% des personnes avec chaque résultat
Percentile par nombre de réponses
Votre historique - résultats
Vous n’avez pas pris ce quiz